• 首页
  • 本馆介绍
  • 公告通知
  • 最新文献
  • 馆藏检索
  • 电子资源
  • 读者导购
  • 参考咨询
  • 我的图书馆
  • 登录
  • 详细信息显示
  • 放入我的书架
  • 预约/预借图书
  • 作者相关作品
  • 分类相关作品
  • 丛书相关作品
  • 出版社相关作品

书目信息

  • 表格格式
  • 工作单格式
  • 卡片格式
题名:
织物组织与纹织学 上册
    
 
作者: 浙江丝绸工学院 编
分册:  
出版信息: 北京   纺织工业出版社  1997.04(2003.03重印)
页数: 278页
开本: 20cm
丛书名:
单 册:
中图分类: TS106.5
科图分类:
主题词: 轻工业 , 手工业 , 手工业史
电子资源:
ISBN: 7-5064-0514-8
000 00731nam0 2200241 450
001 0436235217
005 20040330100354.34
010    @a7-5064-0514-8@dCNY24.00
100    @a20040330d1997 km y0chiy0120 ea
101 0  @achi
102    @aCN@b110000
200 1  @a织物组织与纹织学 上册@Azhi wu zu zhi yu wen zhi xue shang ce@f浙江丝绸工学院编@Fzhe jiang si chou gong xue yuan bian
205    @a2版
210    @a北京@c纺织工业出版社@d1997.04(2003.03重印)
215    @a278页@d20cm
300    @a高等纺织院校教材
606 0  @a轻工业
606 0  @a手工业
606 0  @a手工业史
690    @aTS106.5@v4
701  0 @a浙江丝绸工学院@Azhe jiang si chou gong xue yuan@4编
801  0 @aCN@bPFT@c20040330
905    @aBZT@dTS106.5@e2-1@f7
    
    织物组织与纹织学 上册/浙江丝绸工学院编.-2版.-北京:纺织工业出版社,1997.04(2003.03重印)
    278页;20cm
    高等纺织院校教材
    
    ISBN 7-5064-0514-8:CNY24.00
    
●
相关链接 在五车中查询图书 在当当中查询图书 在豆瓣中查询图书


正题名:织物组织与纹织学 上册     索取号:TS106.5/2-1         预约/预借

序号 登录号 条形码 馆藏地/架位号 状态 备注
1 2001740716   2001740716   样本书库/样005架B面3层3列/ [索取号:TS106.5/2-1] 在馆    
2 361269   230075946   中心书库中库/ 中库025架B面4列2层38/ [索取号:TS106.5/2-1] 在馆    
3 361270   201297550   中心书库中库/ 中库025架B面4列2层41/ [索取号:TS106.5/2-1] 在馆    
4 361271   230075948   中心书库中库/ 中库025架B面4列2层40/ [索取号:TS106.5/2-1] 在馆    
5 361272   230075947   中心书库中库/ 中库025架B面4列2层42/ [索取号:TS106.5/2-1] 在馆    
6 361273   230075951   中心书库中库/ 中库025架B面4列2层39/ [索取号:TS106.5/2-1] 在馆    
7 361274   230075949   中心书库中库/ 中库025架B面4列2层37/ [索取号:TS106.5/2-1] 在馆    
8 361275   230075945   中心书库中库/ 中库025架B面4列2层31/ [索取号:TS106.5/2-1] 在馆    
山东省滨州职业学院图书馆 欢迎您!
大连网信软件有限公司© 版权所有